00399nam a2200109 4500008001000000082001500010100003700025245001700062260006800079300002300147650011900170708 H548l a708bH548l aHenkerhoff , Paulo (curaduría) aLygia Clark  aSão Paulo bMAM - Museu de Arte Moderna de São Paulo c1998 a64 p.c28 x 18 cm  xBrasil xcatálogo de exhibiciónxarte - biografía xmovimiento antropofágico xmovimiento antropofágico